| 000 | 01061nam a22003018i 4500 | ||
|---|---|---|---|
| 001 | 020860934 | ||
| 003 | Uk | ||
| 005 | 20260203110904.0 | ||
| 008 | 221215s2023 sz a 000|0|eng|d | ||
| 020 | _a9783031237881 (hardback) | ||
| 040 |
_aStDuBDS _beng _cNUST _erda _dNUST |
||
| 050 | _aQC355.7 BAR | ||
| 100 | 1 |
_aBarile, Claudia, _eauthor. |
|
| 245 | 1 | 0 |
_aSound waves and acoustic emission / _cClaudia Barile. |
| 260 |
_aItaly ; _bSpringer, _c©2023. |
||
| 300 |
_aviii, 60 pages. _billustrations (black and white) ; _c24 cm. |
||
| 336 |
_atext _2rdacontent _btxt |
||
| 337 |
_aunmediated _2rdamedia _bn |
||
| 338 |
_avolume _2rdacarrier _bnc |
||
| 440 | _aSynthesis Lectures on Wave Phenomena in the Physical Sciences. | ||
| 504 | _aIncludes Bibliographical References and Index. | ||
| 650 | 0 | _aAcoustic emission. | |
| 650 | 0 | _aSound-waves. | |
| 700 | 1 |
_aCasavola, Caterina, _eauthor. |
|
| 700 | 1 |
_aPappalettera, Giovanni, _eauthor. |
|
| 700 | 1 |
_aKannan, Vimalathithan Paramsamy, _eauthor. |
|
| 942 |
_2lcc _n0 _cREF _kQC _mBAR _hQC355.7 BAR |
||
| 999 |
_c172507 _d172507 |
||